| 000 | 00773nam a22002055i 4500 | ||
|---|---|---|---|
| 001 | 161306 | ||
| 003 | ES-MaACL | ||
| 005 | 20230906212241.0 | ||
| 008 | 041015s1890 fr |||| | fre d | ||
| 040 |
_aCAM _bspa _cCAM |
||
| 100 | 1 |
_aPaléologue, Maurice. _988547 |
|
| 245 | 1 | 0 |
_aVauvenargues / _cpar Maurice Paléologue. |
| 260 |
_aParis : _bLibrairie Hachette et C\pie\s, _c1890 ( _fTyp. P. Brodard et Gallois) |
||
| 300 |
_a153 p., [1] h. ; _c19 cm. |
||
| 490 | 1 | _aLes grands écrivains français | |
| 597 | _aLa h. es un facsímil de una carta autografa de Vauvenargues a Voltaire (23 Mayo 1746) | ||
| 830 | 0 |
_aLes grands écrivains français _9182230 |
|
| 852 |
_aES-MaACL _jB-3188 _z-- Enc. pasta española _z-- Enc. en un vol. facticio |
||
| 999 |
_c161306 _d161306 |
||